000 00538nam a2200217Ia 4500
003 OSt
005 20230516103604.0
008 210423s2010 xx 000 0 und d
020 _a9788122300079
040 _cAL
041 _aeng
082 _a615.954 GUPM
_223
100 _aGUPTA (M K).
_9104733
245 _aFoods that are killings you.
260 _aNew Delhi
_bPustak Mahal
_c2010
300 _a273
_bPB
365 _b96
_cINR
650 _aToxicology
_9104734
906 _aare ; Foods ; killings ; you.
942 _2ddc
_cBK
999 _c164788
_d164788